000 00262nam a22001097a 4500
008 240710b |||||||| |||| 00| 0 eng d
100 _aGithvani, Ashudomal
_916774
245 _aHatan
260 _aBombay:
_bLok Sewa Mandal;
_c1964.
300 _a73p.
942 _cBK
999 _c39906
_d39906